Finance of higher education institutions in Poland and Slovakia

Hlavné problémy financovania vysokého školstva. Teoretická koncepcia vyššieho vzdelávania v Európskej únii, Poľsku a na Slovensku. Situácia v Poľsku a na Slovensku. Komparatívna analýza indexov financovania vyššieho vzdelávania v Poľsku a na Slovensku. Podobnosť problémov.

Na minha lista:
Detalhes bibliográficos
Autor principal: Beňová, Elena
Outros Autores: Dubrovina, Vera
Formato: Capítulo de Livro
Idioma:inglês
Assuntos:
Tags: Adicionar Tag
Sem tags, seja o primeiro a adicionar uma tag!

MARC

LEADER 00000naa$a2200000$$$4500
001 0110548
005 20240502072224.9
041 0 |a eng 
044 |a SK 
245 1 0 |a Finance of higher education institutions in Poland and Slovakia  |c Elena Beňová, Vera Dubrovina 
520 |a Hlavné problémy financovania vysokého školstva. Teoretická koncepcia vyššieho vzdelávania v Európskej únii, Poľsku a na Slovensku. Situácia v Poľsku a na Slovensku. Komparatívna analýza indexov financovania vyššieho vzdelávania v Poľsku a na Slovensku. Podobnosť problémov. 
610 2 0 |a vzdelávanie vysokoškolské 
610 2 0 |a financovanie 
610 2 0 |a analýza komparatívna 
610 2 0 |a Slovensko 
610 2 0 |a Poľsko 
610 2 0 |a Európska únia 
100 1 |a Beňová, Elena 
700 1 |a Dubrovina, Vera